State Capitals NOT One of the State's 5 Largest Cities - Statistics

General Stats
  • This quiz has been taken 140 times
  • The average score is 11 of 16
Answer Stats
Rank Capital % Correct
7 Tallahassee
91%
6 Albany
87%
6 Sacramento
87%
24 Olympia
76%
6 Springfield
72%
9 Harrisburg
70%
8 Pierre
69%
9 Augusta
68%
6 Carson City
68%
17 Montpelier
68%
7 Annapolis
65%
15 Frankfort
65%
6 Helena
64%
15 Jefferson City
61%
6 Lansing
57%
10 Trenton
56%
No matching quizzes found
Score Distribution
Percent of People with Each Score
Percentile by Number Answered
Your Score History
You have not taken this quiz